Lluita pels ajuntaments democràtics : (1966-1976) / Joaquim Ferrer (1966-1976) / Joaquim Ferrer
Descripción Física:
365 p. ; 19 cm
Colección:
Punts de referència ; 4
MARC
| LEADER | 00000nam a2200000Ia 4500 | ||
|---|---|---|---|
| 001 | 10555 | ||
| 008 | 160829s1977 xx 000 0 cat d | ||
| 080 | |a M-2-324 | ||
| 100 | |a Ferrer, Joaquim |9 24499 | ||
| 245 | |a Lluita pels ajuntaments democràtics : |b (1966-1976) / Joaquim Ferrer | ||
| 260 | |a Barcelona : |b Galba, |c 1977 | ||
| 300 | |a 365 p. ; |c 19 cm | ||
| 490 | |a Punts de referència ; 4 | ||
| 650 | |a Municipis |x Govern i administració |x Catalunya |x 1966/1976 |9 24500 | ||
| 901 | |a Arxiu | ||
| 942 | |n 1 | ||
| 952 | |0 0 |1 0 |4 0 |6 M2324 |7 1 |9 43185 |a Arxiu |b Arxiu |d 2016-12-01 |l 0 |o M-2-324 |p 10555 |r 2016-12-01 00:00:00 |w 2016-12-01 |y ARXIU | ||
| 999 | |c 45729 |d 45729 | ||